000 00242nam a2200097Ia 4500
001 684975
005 20250826161508.0
008 250824s9999 xx 000 0 und d
245 0 _aNEFES NEFESE/A.KULİN/EVEREST
_cAYŞE KULİN
260 _bEVEREST
999 _c684975
_d684975